书目信息 |
| 题名: |
INFORMIX—4GL快速开发系统使用精解
|
|
| 作者: | 刘跃虎、张亚明 编著 | |
| 分册: | ||
| 出版信息: | 西安 西安交通大学出版社 1996.02 |
|
| 页数: | 191页 | |
| 开本: | 16开 | |
| 丛书名: | ||
| 单 册: | ||
| 中图分类: | TP311.138IF | |
| 科图分类: | ||
| 主题词: | 软件 | |
| 电子资源: | ||
| ISBN: | 7-5605-0808-1 | |
| 000 | 00631nam0 2200193 45 | |
| 001 | 0003290801 | |
| 005 | 20000329083508.5 | |
| 010 | @a7-5605-0808-1@d12.00元 | |
| 100 | @a20000329d1996 km y0chiy0120 ea | |
| 101 | @achi | |
| 105 | @a z 000yy | |
| 200 | 1 | @aINFORMIX—4GL快速开发系统使用精解@AINFORMIX—4GL Kuai Su Kai Fa Xi Tong Shi Yong Jing Jie@f刘跃虎、张亚明编著@FLiu Yue Hu、Zhang Ya Ming Bian Zhu |
| 210 | @a西安@c西安交通大学出版社@d1996.02 | |
| 215 | @a191页@d16开 | |
| 606 | 0 | @a软件 |
| 690 | @aTP311.138IF@v3 | |
| 701 | @a刘跃虎、张亚明@4编著 | |
| 801 | @aCN@bPftUser@c20000329 | |
| 905 | @f1@b51711@dTP311.138IF@eL335 | |
| INFORMIX—4GL快速开发系统使用精解/刘跃虎、张亚明编著.-西安:西安交通大学出版社,1996.02 |
| 191页;16开 |
| ISBN 7-5605-0808-1:12.00元 |
| ● |
| 相关链接 |
|
|
|
正题名:INFORMIX—4GL快速开发系统使用精解
索取号:TP311.138IF/L335
 
预约/预借
| 序号 | 登录号 | 条形码 | 馆藏地/架位号 | 状态 | 备注 |
| 1 | 51711 | 200517119 | 自科二线504/504自科库 16排1列2层/ [索取号:TP311.138IF/L335] | 在馆 |